[Event "SCG-chT"]
[Site "Petrovac"]
[Date "2004.05.19"]
[Round "4.2"]
[White "Ivanisevic, Ivan"]
[Black "Kosic, Dragan"]
[Result "0-1"]
[WhiteElo "2550"]
[BlackElo "2501"]
[EventDate "2004.05.16"]

1. d4 e6 2. Nf3 Nf6 3. c4 d5 4. Nc3 Nbd7 5. cxd5 exd5 6. Bg5 Be7 7. e3 c6 
8. Qc2 Nh5 9. Bxe7 Qxe7 10. g4 Nhf6 11. Rg1 Nf8 12. g5 N6d7 13. O-O-O Nb6 
14. Kb1 Be6 15. Ne5 g6 16. Bd3 h6 17. h4 hxg5 18. hxg5 Nfd7 19. Nxd7 Qxd7 
20. a4 O-O-O 21. a5 Nc4 22. e4 dxe4 23. Bxe4 Nxa5 24. d5 cxd5 25. Nxd5+ 
Kb8 26. Qc3 Nc6 27. Nb4 Nd4 28. Rge1 Qd6 29. Nd3 Rc8 30. Qa5 Qe7 31. Qa3 
Qxa3 32. bxa3 Nc2 33. Re2 Nxa3+ 34. Ka1 Nb5 35. Rb1 a6 36. Nb4 Ka7 37. 
Reb2 Rc3 38. Nc2 Rhc8 0-1

[Event "St Quentin op 7th"]
[Site "Elancourt"]
[Date "2004.04.25"]
[Round "9"]
[White "Barsov, Alexei"]
[Black "Fedorchuk, Sergey A"]
[Result "1-0"]
[WhiteElo "2507"]
[BlackElo "2569"]
[EventDate "2004.04.18"]

1. d4 d5 2. c4 e6 3. Nc3 Nf6 4. cxd5 exd5 5. Bg5 Be7 6. e3 c6 7. Qc2 O-O 
8. Bd3 Nbd7 9. Nf3 Re8 10. O-O Nf8 11. h3 Ng6 12. Bxf6 Bxf6 13. b4 a6 14. 
a4 Be7 15. b5 axb5 16. axb5 Rxa1 17. Rxa1 Bd6 18. Ra8 Qc7 19. b6 Qxb6 20. 
Nxd5 cxd5 21. Rxc8 Rf8 22. h4 Rd8 23. g3 Nf8 24. Rxd8 Qxd8 25. Qb3 Qe8 26.
 Kg2 Qc6 27. Bb5 Qc7 28. Qxd5 g6 29. Be8 Kg7 30. g4 Bb4 31. g5 Qe7 32. 
Qe5+ Qxe5 33. Nxe5 f6 34. Nd3 Be7 35. f4 h6 36. gxf6+ Bxf6 37. h5 gxh5 38.
 Bxh5 Ne6 39. d5 Nc7 40. e4 b5 1-0

[Event "Subasic mem 3rd"]
[Site "Zenica"]
[Date "2004.12.08"]
[Round "5"]
[White "Atalik, Suat"]
[Black "Blagojevic, Dragisa"]
[Result "0-1"]
[WhiteElo "2541"]
[BlackElo "2527"]
[EventDate "2004.12.05"]

1. d4 d5 2. c4 e6 3. Nf3 Nf6 4. Nc3 Nbd7 5. cxd5 exd5 6. Bg5 c6 7. e3 Be7 
8. Qc2 O-O 9. Bd3 Re8 10. O-O Nf8 11. h3 Nh5 12. Bxe7 Qxe7 13. Rab1 Nf6 
14. b4 a6 15. Na4 Ne4 16. Nb6 Rb8 17. a4 Qd8 18. Nxc8 Rxc8 19. Bxe4 dxe4 
20. Nd2 Qd5 21. Rfc1 Nd7 22. Rb3 Re6 23. b5 axb5 24. Rxb5 cxb5 25. Qxc8+ 
Nf8 26. axb5 Qxb5 27. Rb1 Qa6 28. Qxb7 f5 29. Qd5 g6 30. Rb8 Qd6 31. Qa8 
Qe7 32. Nc4 Qf6 33. d5 Re7 34. d6 Rd7 35. Qc6 Rd8 36. Rxd8 Qxd8 37. Qd5+ 
Kg7 38. Ne5 Kf6 39. Qf7+ Kxe5 40. Qe7+ Ne6 41. Qxh7 Kf6 42. Qh4+ Kf7 43. 
Qg3 f4 44. exf4 Qxd6 45. f5 Qd1+ 46. Kh2 gxf5 47. Qe5 Ng7 48. Qf4 Ke6 49. 
Qh6+ Kf7 50. Qf4 Qd5 51. g4 Kg6 52. Kg3 Ne6 53. gxf5+ Qxf5 54. Qg4+ Kf6 
55. Qh4+ Qg5+ 56. Qg4 Qe5+ 57. Kg2 Nf4+ 58. Kg3 Nh5+ 59. Kg2 Qg5 60. f3 e3
61. h4 Nf4+ 62. Kg3 Qxg4+ 63. fxg4 Ke5 64. h5 Ke4 65. h6 e2 66. Kf2 Kd3 
67. h7 Kd2 68. h8=Q e1=Q+ 0-1

[Event "Vladimir op"]
[Site "Vladimir"]
[Date "2004.08.23"]
[Round "6"]
[White "Riazantsev, Alexander"]
[Black "Zakharevich, Igor"]
[Result "1/2-1/2"]
[WhiteElo "2573"]
[BlackElo "2532"]
[EventDate "2004.08.18"]

1. d4 Nf6 2. c4 e6 3. Nc3 d5 4. cxd5 exd5 5. Bg5 c6 6. e3 Nbd7 7. Bd3 Bd6 
8. Qc2 h6 9. Bh4 O-O 10. Nf3 Re8 11. O-O Nf8 12. Rae1 Bg4 13. Nd2 Be7 14. 
a3 Bh5 15. b4 Bg6 16. Bxg6 Nxg6 17. Bxf6 Bxf6 18. Nb3 Be7 19. Nc5 Rb8 20. 
Ne2 Bd6 21. Ng3 Bxg3 22. hxg3 Qg5 23. Qe2 1/2-1/2

[Event "Warsaw AIG Life rapid Gp1"]
[Site "Warsaw"]
[Date "2004.12.19"]
[Round "1"]
[White "Short, Nigel D"]
[Black "Wojtaszek, Radoslaw"]
[Result "0-1"]
[WhiteElo "2684"]
[BlackElo "2511"]
[EventDate "2004.12.19"]

1. e4 c6 2. d4 d5 3. exd5 cxd5 4. Bd3 Nc6 5. c3 Nf6 6. Bf4 Bg4 7. Qb3 Qd7 
8. Nd2 e6 9. Ngf3 Bd6 10. Bg3 O-O 11. O-O Rab8 12. Rae1 Qc7 13. Qc2 Rfc8 
14. Qb1 Bh5 15. Ne5 b5 16. a3 a5 17. Nb3 Ne7 18. Rc1 Bg6 19. Nxg6 hxg6 20.
 Bxd6 Qxd6 21. Nxa5 g5 22. g3 g6 23. Rce1 Kg7 24. Nb3 Rh8 25. Re2 Rh3 26. 
f3 Rbh8 27. Qe1 Nf5 28. Rg2 g4 29. Bxf5 exf5 30. f4 Re8 31. Re2 Ne4 32. 
Nd2 Reh8 33. Nxe4 fxe4 34. f5 R3h5 35. fxg6 fxg6 36. Rf4 Rf5 37. Rxf5 gxf5
38. Qd2 f4 39. Qxf4 Qxf4 40. gxf4 Kf6 41. b3 Rc8 42. Rc2 Kf5 43. a4 bxa4 
44. bxa4 e3 45. Kf1 Ke4 46. Ke2 Rh8 47. Ke1 Kd3 48. Ra2 g3 49. h4 Rxh4 50.
 Kf1 Rh1+ 0-1

[Event "Zadar op"]
[Site "Zadar"]
[Date "2004.12.19"]
[Round "9.3"]
[White "Kovacevic, Aleksandar"]
[Black "Zelcic, Robert"]
[Result "1/2-1/2"]
[WhiteElo "2556"]
[BlackElo "2531"]
[EventDate "2004.12.13"]

1. e4 c6 2. d4 d5 3. exd5 cxd5 4. Nf3 Nf6 5. c3 Nc6 6. Bd3 Bg4 7. O-O Qc7 
8. Re1 e6 9. Bg5 Be7 10. Nbd2 O-O 1/2-1/2

[Event "AUT-chT 0405"]
[Site "Austria"]
[Date "2005.01.13"]
[Round "4"]
[White "Pinter, Jozsef"]
[Black "Boensch, Uwe"]
[Result "0-1"]
[WhiteElo "2535"]
[BlackElo "2540"]
[EventDate "2004.11.19"]

1. d4 d5 2. c4 e6 3. Nc3 Nf6 4. cxd5 exd5 5. Bg5 c6 6. e3 Be7 7. Bd3 Nbd7 
8. h3 O-O 9. Qc2 Re8 10. Nf3 Nf8 11. O-O Be6 12. Rab1 N6d7 13. Bf4 Ng6 14.
 Bg3 Nb6 15. Ne5 Nf8 16. Ne2 f6 17. Nf3 Bf7 18. Nh4 g6 19. Nf3 Ne6 20. 
Rfc1 Qd7 21. Nc3 Rec8 22. Rd1 Ng7 23. b3 Be6 24. Nh4 Re8 25. Na4 Nxa4 26. 
bxa4 Bd8 27. Rdc1 Re7 28. Rb3 Nf5 29. Nxf5 Bxf5 30. Bxf5 Qxf5 31. Qc5 Qd7 
32. a5 Re6 33. Qa3 Rc8 34. Qa4 Kf7 35. Rbc3 b5 36. axb6 axb6 37. Qb3 Kg7 
38. R1c2 Ra8 39. Qb2 b5 40. Qc1 Ra6 41. e4 Rxe4 42. Rxc6 Rxc6 43. Rxc6 
Re1+ 44. Qxe1 Qxc6 45. Qb4 Kf7 46. Bf4 Be7 47. Qa5 h5 48. Qa7 h4 49. Bd2 
Qc2 50. Bf4 Qc6 51. g4 hxg3 52. Bxg3 Ke6 53. Qb8 b4 54. Kg2 Kf7 55. Qa7 g5
56. Kh2 Qe6 57. Qb7 Kg6 58. Qb5 Kf5 59. Qd3+ Qe4 60. Qb5 Ke6 61. Qb6+ Kf7 
62. Qa7 Qe2 63. Qa8 Qf3 64. Qb7 f5 65. Bd6 Qxf2+ 66. Kh1 Qe1+ 67. Kh2 Qd2+
68. Kh1 Qc1+ 69. Kg2 Qb2+ 70. Kf3 Qa3+ 71. Ke2 Qxa2+ 72. Kd1 Qb1+ 73. Kd2 
Qb2+ 74. Ke1 Qc3+ 75. Ke2 Qc2+ 76. Kf1 Qd3+ 77. Kg2 Qe4+ 78. Kh2 b3 79. 
Bxe7 Qxe7 80. Qxd5+ Qe6 81. Qb5 Kg6 82. Qb8 Qe2+ 83. Kg1 Qe1+ 84. Kg2 Qe4+
85. Kf1 Qf4+ 0-1

[Event "AUT-chT 0405"]
[Site "Austria"]
[Date "2005.03.19"]
[Round "10"]
[White "Shchekachev, Andrei"]
[Black "Groszpeter, Attila"]
[Result "1-0"]
[WhiteElo "2559"]
[BlackElo "2524"]
[EventDate "2004.11.19"]

1. Nf3 Nf6 2. c4 e6 3. Nc3 d5 4. d4 Nbd7 5. cxd5 exd5 6. Bg5 Be7 7. e3 O-O
8. Bd3 Re8 9. O-O c6 10. Qc2 Nf8 11. h3 g6 12. Bh6 Ne6 13. Ne5 Ng7 14. g4 
Nd7 15. f4 Bf8 16. Qf2 f6 17. Nf3 Ne6 18. Bxf8 Ndxf8 19. f5 gxf5 20. gxf5 
Ng7 21. Nh2 b5 22. Kh1 a5 23. Rg1 Ra7 24. Rg3 Ba6 25. Rag1 b4 26. Bxa6 
bxc3 27. bxc3 Ree7 28. Bd3 Qd6 29. c4 h5 30. c5 Qb8 31. Nf3 Rab7 32. R3g2 
Nh7 33. Nh4 Ng5 34. Ng6 Nxh3 35. Nxe7+ Rxe7 36. Qh4 Nxg1 37. Qxf6 Rf7 38. 
Qxc6 Nf3 39. f6 Nh4 40. Rxg7+ Rxg7 41. fxg7 Qg3 42. Qxd5+ Kxg7 43. Qe5+ 
1-0

[Event "AUT-chT 0506"]
[Site "Austria"]
[Date "2005.11.20"]
[Round "3"]
[White "Schlosser, Philipp"]
[Black "Bischoff, Klaus"]
[Result "1/2-1/2"]
[WhiteElo "2560"]
[BlackElo "2555"]
[EventDate "2005.11.18"]

1. c4 e6 2. Nc3 d5 3. d4 Nf6 4. Nf3 Nbd7 5. cxd5 exd5 6. Bg5 Be7 7. e3 c6 
8. Qc2 Nh5 9. Bxe7 Qxe7 10. Be2 g6 11. O-O O-O 12. Rfc1 Nb6 13. Qb3 Bg4 
14. a4 Bxf3 15. Bxf3 Nf6 16. Be2 Nc8 1/2-1/2

[Event "Bajada de la Virgen op 3rd"]
[Site "Santa Cruz de la Palma"]
[Date "2005.06.16"]
[Round "5"]
[White "Khenkin, Igor"]
[Black "Khamrakulov, Ibragim S"]
[Result "1-0"]
[WhiteElo "2610"]
[BlackElo "2514"]
[EventDate "2005.06.13"]

1. d4 d5 2. c4 e6 3. Nc3 Nf6 4. cxd5 exd5 5. Bg5 Be7 6. e3 Nbd7 7. Bd3 O-O
8. Nf3 c6 9. h3 Nh5 10. Bxe7 Qxe7 11. Qc2 g6 12. O-O-O Kg7 13. g4 Nhf6 14.
 Be2 Nb6 15. Rdg1 1-0

[Event "Beijing zt 3.3"]
[Site "Beijing"]
[Date "2005.10.24"]
[Round "8"]
[White "Yu Shaoteng"]
[Black "Liang Chong"]
[Result "1-0"]
[WhiteElo "2516"]
[BlackElo "2515"]
[EventDate "2005.10.20"]

1. e4 c6 2. d4 d5 3. exd5 cxd5 4. Bd3 Nc6 5. c3 Nf6 6. Bf4 Bg4 7. Qb3 Qd7 
8. Nd2 e6 9. Ngf3 Bxf3 10. Nxf3 Bd6 11. Bxd6 Qxd6 12. O-O O-O 13. Rae1 Nd7
14. Re3 Rfe8 15. Rfe1 Nf8 16. Qd1 Re7 17. Nh4 Qf4 18. Nf5 Rd7 19. Rf3 Qc7 
20. Ng3 g6 21. Qd2 e5 22. Qh6 e4 23. Bxe4 dxe4 24. Nxe4 Re7 25. Nf6+ Kh8 
26. Ree3 Rxe3 27. fxe3 Qe7 28. g4 Ne5 29. dxe5 Qxe5 30. Nxh7 Qg7 31. Qxg7+
Kxg7 32. Ng5 f6 33. Ne4 Nd7 34. Nd6 Ne5 35. Rf4 Rd8 36. Nxb7 Rd2 37. Rf2 
Rd1+ 38. Kg2 Nxg4 39. Re2 f5 40. c4 Kf6 41. c5 Rc1 42. h3 Ne5 43. b4 Nd3 
44. a3 Ne1+ 45. Kg3 Nc2 46. c6 Nxa3 47. Ra2 Rc3 48. Nc5 Nb5 49. Ra5 a6 50.
 Rxa6 Ke5 51. Ra5 f4+ 52. Kg2 Kd5 53. Rxb5 Kxc6 54. Rb6+ 1-0

[Event "Boskovic mem"]
[Site "Bijelo Polje"]
[Date "2005.10.08"]
[Round "7"]
[White "Delchev, Aleksander"]
[Black "Blagojevic, Dragisa"]
[Result "1/2-1/2"]
[WhiteElo "2669"]
[BlackElo "2541"]
[EventDate "2005.10.02"]

1. d4 d5 2. Nf3 Nf6 3. c4 e6 4. Nc3 Nbd7 5. Bg5 c6 6. cxd5 exd5 7. e3 Bd6 
8. Bd3 Nf8 9. Qc2 Ng6 10. Nh4 O-O 11. Nf5 Bxf5 12. Bxf5 h6 13. Bxf6 Qxf6 
14. g3 Rfe8 15. O-O-O Ne7 16. Bg4 Qg6 17. Qxg6 Nxg6 18. a3 Nf8 19. Bf3 
1/2-1/2

[Event "Bundesliga 0405 playoff"]
[Site "Bremen"]
[Date "2005.05.08"]
[Round "1.3"]
[White "Sokolov, Ivan"]
[Black "Pelletier, Yannick"]
[Result "1-0"]
[WhiteElo "2685"]
[BlackElo "2604"]
[EventDate "2005.05.08"]

1. d4 d5 2. c4 c6 3. Nf3 Nf6 4. Nc3 e6 5. Bg5 Nbd7 6. cxd5 exd5 7. e3 Be7 
8. Bd3 Ne4 9. Bf4 Ndf6 10. Qc2 Bf5 11. Ne5 g6 12. O-O Nd6 13. b4 Rc8 14. 
b5 c5 15. dxc5 Rxc5 16. Bxf5 Nxf5 17. Qb3 O-O 18. Na4 Rc8 19. b6 a6 20. 
Rad1 Bd6 21. Nc3 Ne7 22. Bg3 Bxe5 23. Bxe5 Rc6 24. e4 Rxb6 25. Qa3 Qd7 26.
 Bxf6 Rxf6 27. exd5 Rf5 28. d6 Nc8 29. Ne4 Rd8 30. Qc3 Qb5 31. d7 Ne7 32. 
Nd6 1-0

[Event "Bunratty Masters op"]
[Site "Bunratty"]
[Date "2005.02.20"]
[Round "6"]
[White "Fedorowicz, John P"]
[Black "Baburin, Alexander"]
[Result "1/2-1/2"]
[WhiteElo "2507"]
[BlackElo "2523"]
[EventDate "2005.02.18"]

1. c4 e6 2. Nc3 d5 3. d4 Nf6 4. cxd5 exd5 5. Bg5 c6 6. e3 Be7 7. Bd3 Nbd7 
8. Nge2 O-O 9. O-O Re8 10. a3 Nh5 11. Bxe7 Qxe7 12. b4 a6 13. Qc2 g6 14. 
Rab1 Ndf6 15. Na4 Ng7 16. Nc5 Bf5 17. Ng3 Bxd3 18. Qxd3 h5 19. Rfe1 h4 20.
 Nf1 Nf5 21. f3 Nd6 22. Nd2 Nh5 23. a4 Qg5 24. Nf1 Re7 25. f4 Qf5 26. Qxf5
Nxf5 27. b5 axb5 28. axb5 cxb5 29. Rxb5 h3 30. Rxb7 hxg2 31. Kxg2 Nxf4+ 
32. Kf3 Nd3 33. Reb1 Rxb7 34. Rxb7 Ra3 35. Nxd3 Rxd3 1/2-1/2

[Event "Corsica KO"]
[Site "Corsica"]
[Date "2005.10.27"]
[Round "3.2"]
[White "Sasikiran, Krishnan"]
[Black "Bacrot, Etienne"]
[Result "1-0"]
[WhiteElo "2652"]
[BlackElo "2729"]
[EventDate "2005.10.27"]

1. d4 d5 2. c4 c6 3. Nf3 Nf6 4. Nc3 e6 5. Bg5 Nbd7 6. cxd5 exd5 7. e3 Be7 
8. Bd3 Ne4 9. Bf4 Ndf6 10. Qc2 Bf5 11. Ne5 g6 12. f3 Nd6 13. Bxf5 Nxf5 14.
 g4 Nd6 15. O-O-O Nd7 16. Kb1 Nb6 17. e4 Ndc4 18. Nxc4 Nxc4 19. exd5 cxd5 
20. Rhe1 Rc8 21. Qa4+ Kf8 22. Bh6+ Kg8 23. Nxd5 Qxd5 24. Rxe7 b5 25. Rde1 
Qc6 26. d5 Nd2+ 27. Bxd2 Qxd5 28. Bh6 Qc6 29. Qe4 1-0

[Event "Dia De Internet op"]
[Site "playchess.com INT"]
[Date "2005.10.22"]
[Round "4"]
[White "Sasikiran, Krishnan"]
[Black "Rychagov, Andrey"]
[Result "1-0"]
[WhiteElo "2652"]
[BlackElo "2527"]
[EventDate "2005.10.22"]

1. d4 d5 2. c4 e6 3. Nc3 Nf6 4. cxd5 exd5 5. Bg5 Be7 6. e3 O-O 7. Bd3 c6 
8. Nge2 Nbd7 9. Qc2 Re8 10. O-O Nf8 11. Rad1 h6 12. Bh4 Be6 13. f3 Rc8 14.
 Kh1 c5 15. dxc5 Rxc5 16. Nd4 a6 17. Qb3 b5 18. a4 b4 19. Nce2 a5 20. Nf4 
Bd7 21. Bf2 Ne6 22. Nfxe6 fxe6 23. Bb5 Rc8 24. e4 Kh8 25. e5 Nh7 26. f4 
Nf8 27. Rc1 Bc5 28. Qd3 Qb6 29. Bg1 Bxb5 30. Nxb5 Bxg1 31. Rxg1 Rc6 32. 
Qd4 Qxd4 33. Nxd4 Rc4 34. Rcd1 Rec8 35. b3 Rc3 36. Rgf1 g6 37. h3 Kg7 38. 
Kh2 Kf7 39. Nb5 Ke7 40. Nxc3 bxc3 41. Rd4 Nd7 42. Rc1 g5 43. g3 gxf4 44. 
gxf4 Nb6 45. Rd3 d4 46. Rxd4 Nd5 47. Kg3 Rb8 48. Rxd5 exd5 49. Rxc3 Ke6 
50. Rc6+ Kf5 51. Rf6+ Ke4 52. e6 d4 53. e7 Re8 54. Re6+ Kd3 55. f5 Kc2 56.
 f6 d3 57. Rd6 d2 58. Rxd2+ Kxd2 59. f7 Rxe7 60. f8=Q Re3+ 61. Kg4 Rxb3 
62. Qd8+ Ke2 63. Qxa5 Re3 64. Qb5+ Kf2 65. a5 Re4+ 66. Kh5 Re3 67. h4 Re4 
68. a6 Re3 69. Qb6 Kf3 70. Qxe3+ 1-0

[Event "Dia De Internet op"]
[Site "playchess.com INT"]
[Date "2005.10.22"]
[Round "9"]
[White "Zarnicki, Pablo"]
[Black "Pantsulaia, Levan"]
[Result "0-1"]
[WhiteElo "2523"]
[BlackElo "2510"]
[EventDate "2005.10.22"]

1. e4 c6 2. Nf3 d5 3. exd5 cxd5 4. Ne5 Nc6 5. d4 Nf6 6. c3 Bf5 7. Qb3 Qc8 
8. Bb5 Bd7 9. O-O e6 10. Bg5 Nxe5 11. dxe5 Bxb5 12. Qxb5+ Nd7 13. Nd2 Qc6 
14. Qe2 h6 15. Bh4 Bc5 16. Nb3 Bb6 17. Nd4 Qc4 18. Qxc4 dxc4 19. Nf3 g5 
20. Bg3 Nc5 21. Nd2 h5 22. h4 Rg8 23. Nxc4 Ne4 24. Nd6+ Nxd6 25. exd6 Kd7 
26. Rad1 f5 27. hxg5 Rxg5 28. Bf4 Rg4 29. Be3 Rag8 30. Bxb6 Rxg2+ 31. Kh1 
axb6 32. Rd3 R2g4 33. Rh3 h4 34. Rd1 b5 35. a3 Re4 36. Rd4 Rxd4 37. cxd4 
Rg4 38. Rb3 Kc6 39. Rb4 Kxd6 40. Rxb5 Kc6 41. Rb4 h3 42. Kh2 Rg2+ 43. Kxh3
Rxf2 44. Kg3 Re2 45. Kf3 Re4 46. a4 b6 47. b3 e5 48. Rc4+ Kd5 49. dxe5 
Rxc4 50. bxc4+ Kxe5 51. Ke3 Kd6 52. Kd4 Kc6 53. Kd3 Kc5 54. Kc3 f4 55. Kd3
f3 56. Ke3 Kxc4 57. Kxf3 Kb4 58. Ke3 Kxa4 59. Kd2 Kb3 60. Kd1 Kb2 61. Kd2 
b5 0-1

[Event "Dresden ZMD op"]
[Site "Dresden"]
[Date "2005.07.29"]
[Round "7"]
[White "Bischoff, Klaus"]
[Black "Slobodjan, Roman"]
[Result "1/2-1/2"]
[WhiteElo "2560"]
[BlackElo "2529"]
[EventDate "2005.07.23"]

1. d4 d5 2. c4 e6 3. Nc3 Be7 4. cxd5 exd5 5. Bf4 c6 6. e3 Bf5 7. Nge2 Nd7 
8. h3 Bg6 9. Bh2 Ndf6 10. Nf4 Bd6 11. Qb3 Rb8 12. Be2 Ne7 13. g4 h6 14. 
O-O-O Bh7 15. h4 g5 16. hxg5 hxg5 17. Nh5 Nxh5 18. Bxd6 Qxd6 19. Rxh5 Kf8 
20. Bd3 Kg7 21. Rxg5+ Bg6 22. Bxg6 Nxg6 23. Rh5 Rxh5 24. gxh5 Nf8 25. Qc2 
Qf6 26. Rg1+ Kh8 27. Qe2 Ne6 28. Rg2 Rg8 29. Rxg8+ Kxg8 30. Qg4+ Kh7 31. 
Qg3 Qf5 32. Kd2 Qxh5 33. Qb8 Qf3 34. Nd1 Ng5 35. Qxb7 Ne4+ 36. Ke1 Qh1+ 
37. Ke2 Qh5+ 38. Ke1 Qh1+ 39. Ke2 Qh5+ 1/2-1/2

[Event "EU-chT (Men) 15th"]
[Site "Gothenburg"]
[Date "2005.07.31"]
[Round "2"]
[White "Wojtaszek, Radoslaw"]
[Black "Hansen, Lars Bo"]
[Result "1/2-1/2"]
[WhiteElo "2591"]
[BlackElo "2567"]
[EventDate "2005.07.30"]

1. d4 d5 2. c4 e6 3. Nc3 Nf6 4. cxd5 exd5 5. Bg5 Be7 6. e3 c6 7. Bd3 Nbd7 
8. Qc2 Nh5 9. Bxe7 Qxe7 10. Nge2 g6 11. O-O Nb6 12. Rab1 a5 13. a3 Be6 14.
 b4 axb4 15. axb4 O-O 16. b5 c5 17. dxc5 Qxc5 18. Rbc1 Rfc8 19. Rfd1 Qb4 
20. Rb1 Qa3 21. Rb3 Qe7 22. Nd4 Bg4 23. Re1 Nf6 24. f3 Bd7 25. Qf2 Ra3 26.
 Qb2 Raa8 27. Qf2 Ra3 28. Qb2 Raa8 1/2-1/2

[Event "EU-chT (Men) 15th"]
[Site "Gothenburg"]
[Date "2005.08.01"]
[Round "3"]
[White "Istratescu, Andrei"]
[Black "Hansen, Lars Bo"]
[Result "1/2-1/2"]
[WhiteElo "2624"]
[BlackElo "2567"]
[EventDate "2005.07.30"]

1. d4 d5 2. c4 e6 3. Nc3 Nf6 4. cxd5 exd5 5. Bg5 Be7 6. e3 c6 7. Bd3 Nbd7 
8. Nf3 Nf8 9. Qc2 Ne6 10. Bxf6 Bxf6 11. O-O-O g6 12. h4 h5 13. Ne5 Bxe5 
14. dxe5 Qe7 15. e4 d4 16. Ne2 c5 17. Kb1 Bd7 18. f4 Nd8 19. e6 Nxe6 20. 
f5 gxf5 21. exf5 Nc7 22. Nxd4 O-O-O 23. Rhe1 Qf8 24. Nf3 f6 25. Be4 Kb8 
26. Rd3 b6 27. Qd2 1/2-1/2

[Event "FRA-chT Top 16 GpA"]
[Site "Mulhouse"]
[Date "2005.02.04"]
[Round "1"]
[White "Rowson, Jonathan"]
[Black "Slobodjan, Roman"]
[Result "1/2-1/2"]
[WhiteElo "2572"]
[BlackElo "2544"]
[EventDate "2005.02.04"]

1. d4 Nf6 2. c4 e6 3. Nc3 d5 4. cxd5 exd5 5. Bg5 Be7 6. e3 O-O 7. Bd3 c6 
8. Qc2 Nbd7 9. Nf3 Re8 10. O-O Nf8 11. h3 Nh5 12. Bxe7 Qxe7 13. Rab1 Qf6 
14. Ne5 Qd6 15. b4 Nf6 16. Na4 N8d7 17. Nxd7 Bxd7 18. Nc5 Bc8 19. b5 b6 
20. e4 Qf4 21. e5 bxc5 22. exf6 c4 23. Rfe1 Rxe1+ 24. Rxe1 gxf6 25. Bxh7+ 
Kg7 26. Re3 Be6 27. Rg3+ Kh8 28. bxc6 f5 29. Rf3 Qe4 30. Qc1 Kxh7 31. Rf4 
Rc8 32. Rxe4 fxe4 33. Kh2 Rxc6 34. Qc3 Ra6 35. Qb2 Rc6 36. Qc3 Ra6 37. a3 
Rb6 38. Qa5 Rc6 39. Qc3 Rb6 40. a4 Rb8 41. Qa5 1/2-1/2

[Event "FRA-chT Top 16 GpA"]
[Site "Mulhouse"]
[Date "2005.02.06"]
[Round "3"]
[White "Volkov, Sergey"]
[Black "Slobodjan, Roman"]
[Result "1/2-1/2"]
[WhiteElo "2612"]
[BlackElo "2544"]
[EventDate "2005.02.04"]

1. d4 Nf6 2. c4 e6 3. Nc3 d5 4. cxd5 exd5 5. Bg5 c6 6. e3 Bf5 7. Qf3 Bg6 
8. Bxf6 Qxf6 9. Qxf6 gxf6 10. Nf3 Nd7 11. g3 Nb6 12. Nh4 Nc8 13. f3 Nd6 
14. Kf2 Be7 15. Re1 O-O 16. Ng2 Bd8 17. Nf4 Re8 18. h4 h6 19. Nxg6 fxg6 
20. g4 Kg7 21. Bd3 Ba5 22. Re2 Re7 23. h5 g5 24. Rd1 Rf8 25. Bf5 Rfe8 26. 
Na4 Nc4 27. Rd3 Bb4 28. Bg6 Rd8 29. a3 Bd6 30. Nc3 Bc7 31. Rd1 Nd6 32. Na4
Rf8 33. Bf5 Rfe8 34. Rd3 Nc4 35. Bg6 Rf8 36. Nc3 Bb6 37. Na4 Bc7 38. Rc3 
Nd6 39. Bf5 Rfe8 40. Nc5 Bb6 41. b4 a5 42. bxa5 Bxa5 43. Rb3 b6 44. Na6 
Nc4 45. Nb4 Rc7 46. a4 Ra8 47. Bd3 1/2-1/2

[Event "FRA-chT Top 16 GpA"]
[Site "Noyon"]
[Date "2005.04.02"]
[Round "6"]
[White "Georgiev, Kiril"]
[Black "Pelletier, Yannick"]
[Result "1/2-1/2"]
[WhiteElo "2654"]
[BlackElo "2604"]
[EventDate "2005.03.31"]

1. d4 d5 2. c4 c6 3. Nf3 Nf6 4. Nc3 e6 5. Bg5 Nbd7 6. cxd5 exd5 7. e3 Be7 
8. Bd3 Nh5 9. Bxe7 Qxe7 10. O-O O-O 11. Qb1 Nhf6 12. b4 a6 13. a4 Re8 14. 
Rc1 g6 15. Nd2 b6 16. a5 b5 17. Re1 Nf8 18. Qb2 Bb7 19. e4 Ne6 20. e5 Nd7 
21. Ne2 f6 22. f4 fxe5 23. fxe5 Qg5 24. Kh1 Rf8 25. Rf1 Qe3 26. Qc3 Kg7 
27. Nf3 Rf7 28. Rad1 Raf8 29. Qc1 Qxc1 30. Rxc1 Nb8 31. Kg1 Bc8 32. Rfe1 
Rc7 33. Nd2 Rff7 34. Nb3 Nd7 35. Rc3 Ndf8 36. Rec1 Nd8 37. h3 Nfe6 38. Bb1
Rce7 39. Rg3 Bd7 40. h4 Kh6 41. Rgc3 Rf8 42. Nd2 Nf4 43. Ng3 Bg4 44. Kh2 
Nfe6 45. Nb3 Rf4 46. Rd3 Bh5 47. Kh3 Bg4+ 48. Kh2 Bh5 49. Kh3 Bg4+ 50. Kh2
1/2-1/2

[Event "GRE-chT 34th"]
[Site "Ermioni Argolidas"]
[Date "2005.07.05"]
[Round "2"]
[White "Chuchelov, Vladimir"]
[Black "Asrian, Karen"]
[Result "0-1"]
[WhiteElo "2562"]
[BlackElo "2611"]
[EventDate "2005.07.04"]

1. Nf3 d5 2. d4 Nf6 3. c4 e6 4. Nc3 c6 5. Bg5 Nbd7 6. cxd5 exd5 7. e3 Be7 
8. Bd3 O-O 9. Qc2 Re8 10. h3 Nf8 11. Bf4 Be6 12. O-O Rc8 13. a3 Bd6 14. 
Bxd6 Qxd6 15. b4 Ng6 16. Rfc1 Bd7 17. Qa4 Qb8 18. Qd1 Qd6 19. Nd2 Nh4 20. 
Bf1 b6 21. g3 Ng6 22. Bg2 Bf5 23. b5 cxb5 24. Qb3 Qd7 25. Kh2 Red8 26. 
Qxb5 Qd6 27. Qb4 Qb8 28. Qb3 Be6 29. Kg1 h5 30. a4 Rc6 31. Ne2 Rdc8 32. 
Rxc6 Rxc6 33. a5 Qc8 34. axb6 Rxb6 35. Rc1 Qd7 36. Qc3 Bxh3 37. Bxh3 Qxh3 
38. Qc8+ Qxc8 39. Rxc8+ Kh7 40. Nf3 Ne4 41. Nc3 Ne7 42. Rc7 Nxc3 43. Rxc3 
Rb7 44. Ra3 f6 45. Ne1 Rb1 46. Kf1 Nc6 47. Ke2 a5 48. Nd3 g5 49. Rc3 Nb4 
50. Nxb4 axb4 51. Rc5 b3 52. Kf3 b2 53. Rb5 Kg6 54. Kg2 g4 55. Kh2 Kf5 56.
 Kg2 Ke4 57. Rb8 f5 58. Rb6 f4 59. exf4 Kxd4 60. f5 Kc5 61. Rb7 Kc6 62. 
Rb8 Kd6 63. Rb6+ Ke7 64. Rb5 Kf6 65. Rxd5 Rc1 0-1

[Event "Kuala Lumpur op 2nd"]
[Site "Kuala Lumpur"]
[Date "2005.08.25"]
[Round "10"]
[White "Dao Thien Hai"]
[Black "Irwanto, Sadikin"]
[Result "1-0"]
[WhiteElo "2601"]
[BlackElo "2517"]
[EventDate "2005.08.20"]

1. d4 d5 2. c4 e6 3. Nc3 Nf6 4. cxd5 exd5 5. Bg5 c6 6. e3 Nbd7 7. Bd3 Be7 
8. Qc2 Nf8 9. Nge2 g6 10. Bh4 Ne6 11. f3 O-O 12. O-O Nh5 13. Bf2 Bh4 14. 
g3 Bf6 15. Kh1 Nhg7 16. Rad1 Re8 17. e4 dxe4 18. fxe4 Bxd4 19. Bc4 c5 20. 
Bxd4 cxd4 21. Nd5 Rf8 22. Nxd4 Nxd4 23. Rxd4 Qg5 24. Qf2 Bh3 25. Rfd1 Ne6 
26. R4d2 Qe5 27. Bf1 Ng5 28. Qf4 Qxf4 29. gxf4 Bxf1 30. fxg5 Bh3 31. Rc1 
Kg7 32. Rc3 Be6 33. Nc7 Rad8 34. Nxe6+ fxe6 35. Rc7+ Kg8 36. Rxd8 Rxd8 37.
 Rxb7 Rd2 38. a4 a5 39. b3 Re2 40. Rb5 Rb2 41. Kg1 Kf8 42. Kf1 Ke7 43. Ke1
Kd6 44. Kd1 e5 45. Kc1 Rxh2 46. Rxa5 Rd2 47. Rd5+ Ke6 48. a5 Rd4 49. Rb5 
Rd8 50. a6 Ra8 51. Rb7 Kd6 52. Kd2 Kc6 53. Rxh7 1-0

[Event "Moscow Aeroflot op-A"]
[Site "Moscow"]
[Date "2005.02.16"]
[Round "2"]
[White "Nyback, Tomi"]
[Black "Filippov, Valerij"]
[Result "0-1"]
[WhiteElo "2554"]
[BlackElo "2621"]
[EventDate "2005.02.15"]

1. d4 d5 2. c4 e6 3. Nf3 Nf6 4. Nc3 c6 5. Bg5 Nbd7 6. cxd5 exd5 7. e3 Be7 
8. Bd3 Ne4 9. Bxe7 Qxe7 10. Qc2 Ndf6 11. O-O Bf5 12. Na4 O-O 13. Ne5 g6 
14. Rab1 Rac8 15. b4 Nd6 16. Bxf5 Nxf5 17. Nc5 Nd6 18. a4 Nfe4 19. Rfc1 f6
20. Ned3 Nc4 21. Nxe4 Qxe4 22. Qc3 b6 23. Nb2 Nd6 24. Qd3 f5 25. Rc2 a5 
26. Rbc1 f4 27. bxa5 bxa5 28. Qd2 Rb8 29. exf4 0-1

[Event "SCG-chT1"]
[Site "Vrnjacka Banja"]
[Date "2005.10.26"]
[Round "10"]
[White "Drasko, Milan"]
[Black "Radulski, Julian"]
[Result "1/2-1/2"]
[WhiteElo "2516"]
[BlackElo "2502"]
[EventDate "2005.10.17"]

1. d4 d5 2. c4 e6 3. Nc3 Be7 4. cxd5 exd5 5. Bf4 c6 6. e3 Bf5 7. Nge2 Nd7 
8. Ng3 Bg6 9. Be2 Ngf6 10. O-O O-O 11. h4 1/2-1/2

[Event "Tula Afromeev mem"]
[Site "Tula"]
[Date "2005.07.29"]
[Round "10"]
[White "Yagupov, Igor"]
[Black "Novikov, Maxim"]
[Result "1/2-1/2"]
[WhiteElo "2512"]
[BlackElo "2510"]
[EventDate "2005.07.20"]

1. d4 d5 2. c4 e6 3. Nc3 Nf6 4. Nf3 c6 5. cxd5 exd5 6. Bg5 Be7 7. e3 Bf5 
8. Bd3 Bxd3 9. Qxd3 O-O 10. O-O Nbd7 11. Bxf6 Nxf6 12. Rab1 a5 13. Ne5 Nd7
14. Nxd7 Qxd7 15. Na4 Qc7 1/2-1/2

[Event "Arad Muresul Cup"]
[Site "Arad"]
[Date "2006.05.24"]
[Round "7"]
[White "Malaniuk, Vladimir P"]
[Black "Shishkin, Vadim"]
[Result "1/2-1/2"]
[WhiteElo "2539"]
[BlackElo "2541"]
[EventDate "2006.05.20"]

1. d4 d5 2. c4 e6 3. Nc3 Nf6 4. Nf3 Be7 5. Bg5 c6 6. e3 Nbd7 7. cxd5 exd5 
8. Bd3 O-O 9. Qc2 Re8 10. h3 Nf8 11. g4 1/2-1/2